The Invisble Man: (Record no. 190229)

MARC details
000 -LEADER
fixed length control field 00511nam a22001817a 4500
005 - DATE AND TIME OF LATEST TRANSACTION
control field 20220721103428.0
010 ## - LCCN (DPL NO)
LC control number ENG-133471
020 ## - INTERNATIONAL STANDARD BOOK NUMBER
International Standard Book Number 9788177114607
Terms of availability 100.00
035 ## - SYSTEM CONTROL NUMBER
System control number EN-117003
037 ## - SOURCE OF ACQUISITION
Source of stock number/acquisition DBAD/PUB
082 ## - DEWEY DECIMAL CLASSIFICATION NUMBER
Classification number N
100 ## - MAIN ENTRY--PERSONAL NAME
Personal name Wells, H.G.
245 ## - TITLE STATEMENT
Title The Invisble Man:
Remainder of title A Grotesque Romance/
Statement of responsibility, etc H.G. Wells
260 ## - PUBLICATION, DISTRIBUTION, ETC. (IMPRINT)
Place of publication, distribution, etc Jaipur
Name of publisher, distributor, etc Sahityagar
Date of publication, distribution, etc 2014
270 ## - ADDRESS
Address Dhamani Market Street, Chaura Rast
City Jaipur
Electronic mail address sahityagarjpr@yahoo.co.in
300 ## - PHYSICAL DESCRIPTION
Extent 134p.
Dimensions 21cm(pbk)
942 ## - ADDED ENTRY ELEMENTS (KOHA)
Source of classification or shelving scheme Dewey Decimal Classification
Item type English Books
Classification part N
Call number suffix WEL
Holdings
Withdrawn status Lost status Not for loan Collection code Home library Current library Date acquired Source of acquisition Cost, normal purchase price Full call number Barcode Copy number Cost, replacement price Koha item type
      Non-fiction Bawana Bawana 20/07/2022 DBAD/PUB 100.00 N WEL EN-117003 1 100.00 English Books

© Delhi Public Library
Hit Counter
free hit counter